000 00341nam a2200157Ia 4500
008 230312s9999||||xx |||||||||||||| ||und||
020 _a8131205098
082 _a616.075
_bMER
100 _aMark ,H ,Beers
245 0 _aMerck Manual
260 _bGary Zelko
_c2006
300 _a2989
546 _aEng.
650 _aPharmacy
942 _cBK
999 _c4746
_d4746